000
00268nam a2200133Ia 4500
100
_a
#N/A
650
_a
Computer
490
_v
vol 7 issue 8
942
_c
BK
654
_a
lfy
245
_a
LFY: Vol 7 issue 8: slackware
260
_b
LFY
_c
2009
546
_a
ENGLISH
999
_c
20637
_d
20637